000 00326nam a2200133Ia 4500
008 240624s9999 xx 000 0 und d
041 _aeng
082 _a519.5 THU
100 _aTHUKRAL J K
245 _aBUSINESS STATISTICS
260 _c2010
_aNew Delhi
_bTaxmann
300 _ai-16, : 316 : p. : cm. ; 23
365 _cRS
_b28
999 _c16612
_d16612